Movies Quiz

Random Movies or Clickable Quiz
Score 0/18 Timer 05:00
1 Play Today
% Correct
Harry Potter
96.3%
Jurassic Park
95.9%
Home Alone
95.3%
Les Misérables
94.6%
Skyfall
94.5%
Grown Ups
94%
World War Z
91.8%
Paranormal Activity
91.3%
The Matrix
88.2%
% Correct
Hunger Games
87.6%
The Amazing Spider-Man
86.1%
Titanic
83.7%
Inception
82.5%
The Notebook
79%
Gravity
78.8%
Avatar
74.9%
Friday
73%
Twilight
67.1%
Remove Ads.
Support Sporcle.
Get the best of Sporcle when you Go Orange. This ad-free experience offers more features, more stats, and more fun while also helping to support Sporcle. Thank you for becoming a member.

You're not logged in!

Compare scores with friends on all Sporcle quizzes.
OR
Log In

Show Comments

Extras

Top Quizzes Today


Score Distribution

Your Account Isn't Verified!

In order to create a playlist on Sporcle, you need to verify the email address you used during registration. Go to your Sporcle Settings to finish the process.

Report this User

Report this user for behavior that violates our Community Guidelines.

Details: